Online
Catalog

El beneficio es lo que cuenta : (Record no. 55148)

MARC details
000 -CABECERA
campo de control de longitud fija 01296cam a2200361 i 4500
003 - IDENTIFICADOR DEL NÚMERO DE CONTROL
campo de control DO-SdBNP
005 - FECHA Y HORA DE LA ÚLTIMA TRANSACCIÓN
campo de control 20240406073831.0
007 - CAMPO FIJO DE DESCRIPCIÓN FÍSICA--INFORMACIÓN GENERAL
campo de control de longitud fija ta
008 - DATOS DE LONGITUD FIJA--INFORMACIÓN GENERAL
campo de control de longitud fija 751003s2014 sp 001 f spa d
020 ## - NÚMERO INTERNACIONAL ESTÁNDAR DEL LIBRO
Número Internacional Estándar del Libro 9788408124047
040 ## - FUENTE DE LA CATALOGACIÓN
Centro catalogador/agencia de origen DO-SdBNP
Lengua de catalogación spa
Centro/agencia transcriptor BNPHU
Normas de descripción rda
082 #4 - NÚMERO DE LA CLASIFICACIÓN DECIMAL DEWEY
Número de documento/Ítem C548
Número de edición 22
Número de clasificación 330.342
100 1# - ENTRADA PRINCIPAL--NOMBRE DE PERSONA
Nombre de persona Chomsky, Noam
Fechas asociadas al nombre 1928-
9 (RLIN) 5111
240 10 - TÍTULO UNIFORME
Título uniforme Profit over people. Neoliberalism and global orden /
Lenguaje de la obra español
245 13 - MENCIÓN DE TÍTULO
Título El beneficio es lo que cuenta :
Resto del título neoliberalismo y orden social /
Mención de responsabilidad, etc. Noam Chomsky ; traducción Antonio Desmonts
264 #1 - PRODUCCIÓN, PUBLICACIÓN, DISTRIBUCIÓN, FABRICACIÓN Y COPYRIGHT
Producción, publicación, distribución, fabricación y copyright Barcelona, España :
Nombre del de productor, editor, distribuidor, fabricante Austral,
Fecha de producción, publicación, distribución, fabricación o copyright 2014.
264 #1 - PRODUCCIÓN, PUBLICACIÓN, DISTRIBUCIÓN, FABRICACIÓN Y COPYRIGHT
Nombre del de productor, editor, distribuidor, fabricante Crítica,
-- Planeta,
Fecha de producción, publicación, distribución, fabricación o copyright 2016, 3a. impresión
300 ## - DESCRIPCIÓN FÍSICA
Extensión 194 páginas
Dimensiones 19 cm.
336 ## - TIPO DE CONTENIDO
Fuente rdacontent
Término de tipo de contenido texto
Código de tipo de contenido txt
337 ## - TIPO DE MEDIO
Fuente rdamedia
Nombre/término del tipo de medio sin mediación
Código del tipo de medio n
338 ## - TIPO DE SOPORTE
Fuente rdacarrier
Nombre/término del tipo de soporte volumen
Código del tipo de soporte nc
490 1# - MENCIÓN DE SERIE
Mención de serie Contemporánea. Humanidades
Designación de volumen o secuencia 828
500 ## - NOTA GENERAL
Nota general Incluye notas a pie de páginas.
500 ## - NOTA GENERAL
Nota general Incluye datos biográficos del autor en la página 5
500 ## - NOTA GENERAL
Nota general Incluye índice.
590 ## - NOTA LOCAL (RLIN)
Nota local Inventariado, 2023/ YL
650 #4 - PUNTO DE ACCESO ADICIONAL DE MATERIA--TÉRMINO DE MATERIA
Término de materia o nombre geográfico como elemento de entrada Liberalismo económico
Subdivisión cronológica S.XX
9 (RLIN) 84451
650 #4 - PUNTO DE ACCESO ADICIONAL DE MATERIA--TÉRMINO DE MATERIA
Término de materia o nombre geográfico como elemento de entrada Globalización
Subdivisión general Aspectos económicos
9 (RLIN) 19040
650 #0 - PUNTO DE ACCESO ADICIONAL DE MATERIA--TÉRMINO DE MATERIA
Término de materia o nombre geográfico como elemento de entrada Democracia
9 (RLIN) 286
700 1# - PUNTO DE ACCESO ADICIONAL--NOMBRE DE PERSONA
Nombre de persona Desmonts, Antonio
Término indicativo de función/relación traducción
9 (RLIN) 84436
910 ## - DATOS DE OPCIÓN DEL USUARIO (OCLC)
Datos de opción del usuario Ylockward
942 ## - ELEMENTOS DE PUNTO DE ACCESO ADICIONAL (KOHA)
Fuente del sistema de clasificación o colocación Dewey Decimal Classification
Tipo de ítem Koha Libro
Holdings
Estado de retiro Estado de pérdida Fuente del sistema de clasificación o colocación Restricciones de uso No para préstamo Código de colección Localización permanente Ubicación/localización actual Ubicación en estantería Fecha de adquisición Fuente de adquisición Total de préstamos Signatura topográfica completa Código de barras Fecha visto por última vez Precio válido a partir de Tipo de ítem Koha
    Dewey Decimal Classification Préstamo en sala   General Biblioteca Nacional Pedro Henríquez Ureña Biblioteca Nacional Pedro Henríquez Ureña En catalogación 02.02.2019 Librería Cuesta   BNPHU GR C548 330.342 2023-6850 11.10.2023 11.10.2023 Libro

Powered by Koha